00915nam a2200229 a 450000100100000000500170001000800410002702000150006804000250008308200140010810000370012224500940015926000380025330000280029149000280031950400300034750000720037750000750044983000320052495201120055699900170066800004224220201002040026.0131120s1989 sp a 000 0 spa d a8478800026 aDO-SdBNPbspacBNPHU axxxxbxxx1 aPottocher, Beatrizd1961-96926110aArtefactos Eróticos :bguía de objetos y estimulantes del deseo /cBeatriz Pottocher. aEspaña, :bTemas de hoy,c1989. a253 p. :bil. ;c21 cm.1 aBiblioteca eróticav6 aBibliografía p: 239-253 aIncluye datos biografícos de la autora en la solapa de la portada aLa lectura de este libro no está recomendada a menores de 16 años. 0aBiblioteca erótica921727 001050718MOaGRbGRcCTd2013-11-20iLF1l0oxxxx xxxp42242-10r2020-06-25w2020-06-25y1ZNo se presta c41731d41731